[Event "Skopje Karposh op"]
[Site "Skopje"]
[Date "2012.04.14"]
[Round "9"]
[White "Georgievski, Vanco"]
[Black "Miskoski, Misko"]
[Result "1-0"]
[WhiteElo "2273"]
[BlackElo "1965"]
[PlyCount "65"]
[EventDate "2012.04.07"]
[EventType "swiss"]
[EventRounds "9"]
[EventCountry "MKD"]
[SourceTitle "CBM 147 Extra"]
[Source "ChessBase"]
[SourceDate "2012.04.24"]
[SourceVersion "1"]
[SourceVersionDate "2012.04.24"]
[SourceQuality "1"]

1. d4 Nf6 2. Nf3 e6 3. Bf4 c5 4. c3 Nc6 5. e3 d5 6. Nbd2 Bd6 7. Bg3 0-0 8. Be2 b6 9. 0-0 Bxg3 10. hxg3 Qc7 11. Qc2 Bb7 12. Rfe1 e5 13. dxe5 Nxe5 14. Nxe5 Qxe5 15. Bf3 Rfe8 16. Rad1 c4 17. Nxc4 Qe6 18. Rd4 Rac8 19. Nd2 g5 20. Qb3 h5 21. Rd1 g4 22. Be2 Kg7 23. Nf1 Rh8 24. Rf4 Ne4 25. Qa4 Nc5 26. Qd4+ f6 27. Bd3 Qc6 28. Bf5 Rce8 29. f3 Re5 30. b4 Na4 31. c4 dxc4 32. Bd7 Qc7 33. Bxa4 1-0

[Event "FRM-chT 19th"]
[Site "Struga"]
[Date "2010.08.14"]
[Round "6"]
[White "Georgievski, Vanco"]
[Black "Trajanovski, Vlado"]
[Result "1-0"]
[WhiteElo "2270"]
[BlackElo "2098"]
[PlyCount "61"]
[EventDate "2010.08.09"]
[EventType "team"]
[EventRounds "7"]
[EventCountry "MKD"]
[SourceTitle "CBM 137 Extra"]
[Source "ChessBase"]
[SourceDate "2010.09.01"]
[SourceVersion "1"]
[SourceVersionDate "2010.09.01"]
[SourceQuality "1"]

1. d4 Nf6 2. Nf3 b6 3. Bf4 Bb7 4. e3 d6 5. h3 g6 6. Nbd2 Nbd7 7. Be2 Bg7 8. 0-0 0-0 9. c3 Re8 10. Bh2 e5 11. dxe5 Nxe5 12. Nxe5 dxe5 13. Qc2 Qe7 14. Rfd1 Rad8 15. Bb5 c6 16. Bf1 b5 17. a4 a6 18. axb5 cxb5 19. c4 Rc8 20. Qb3 bxc4 21. Nxc4 Bd5 22. Qa4 Rb8 23. b3 Rb4 24. Qxa6 Rxb3 25. Nxe5 Rb4 26. Nc6 Bxc6 27. Qxc6 Rb7 28. Ra4 Ne4 29. Rxe4 Qxe4 30. Qxe4 Rxe4 31. Rd8+ 1-0

[Event "FRM-ch"]
[Site "Struga"]
[Date "1993.??.??"]
[Round "8"]
[White "Georgievski, Vanco"]
[Black "Kutirov, Rolando"]
[Result "1/2-1/2"]
[WhiteElo "2260"]
[BlackElo "2340"]
[PlyCount "60"]
[EventDate "1993.??.??"]
[EventType "swiss"]
[EventRounds "13"]
[EventCountry "MKD"]
[SourceTitle "EXT 1999"]
[Source "ChessBase"]
[SourceDate "1998.11.16"]
[SourceVersion "1"]
[SourceVersionDate "1998.11.16"]
[SourceQuality "1"]

1. d4 d6 2. Nf3 Bg4 3. Nbd2 e6 4. c3 Nd7 5. e4 Ngf6 6. Be2 Be7 7. 0-0 0-0 8. Ng5 Bxe2 9. Qxe2 c5 10. Ngf3 cxd4 11. Nxd4 a6 12. N2b3 Re8 13. Bg5 Qc7 14. Bh4 g6 15. Rfe1 Bf8 16. Nf3 Nh5 17. Rad1 b5 18. e5 d5 19. Bg5 Qc4 20. Na5 Qxe2 21. Rxe2 Rec8 22. g4 Ng7 23. h3 Ne8 24. Be3 Nc5 25. a3 Rc7 26. Bd4 Rac8 27. Ne1 Nb7 28. Nb3 a5 29. Bb6 Rc6 30. Bxa5 Bxa3 1/2-1/2

[Event "FRM-ch"]
[Site "Struga"]
[Date "1993.??.??"]
[Round "7"]
[White "Georgievski, Vanco"]
[Black "Stamenkov, Vanco"]
[Result "1/2-1/2"]
[WhiteElo "2260"]
[BlackElo "2345"]
[PlyCount "40"]
[EventDate "1993.??.??"]
[EventType "swiss"]
[EventRounds "13"]
[EventCountry "MKD"]
[SourceTitle "EXT 1999"]
[Source "ChessBase"]
[SourceDate "1998.11.16"]
[SourceVersion "1"]
[SourceVersionDate "1998.11.16"]
[SourceQuality "1"]

1. d4 d6 2. Nf3 g6 3. c3 Bg7 4. g3 Nd7 5. Bg2 e5 6. Nbd2 Nh6 7. e4 0-0 8. 0-0 Kh8 9. dxe5 dxe5 10. Nc4 f6 11. Qc2 Nf7 12. Rd1 Qe7 13. Ne3 c6 14. b3 a5 15. a4 Qe6 16. Ba3 Re8 17. Bf1 Kg8 18. Nh4 Bf8 19. Bc4 Qh3 20. Bf1 Qe6 1/2-1/2

[Event "FRM-ch"]
[Site "Struga"]
[Date "1993.??.??"]
[Round "11"]
[White "Georgievski, Vanco"]
[Black "Stamnov, Aleksander"]
[Result "1-0"]
[WhiteElo "2260"]
[BlackElo "2270"]
[PlyCount "105"]
[EventDate "1993.??.??"]
[EventType "swiss"]
[EventRounds "13"]
[EventCountry "MKD"]
[SourceTitle "EXT 1999"]
[Source "ChessBase"]
[SourceDate "1998.11.16"]
[SourceVersion "1"]
[SourceVersionDate "1998.11.16"]
[SourceQuality "1"]

1. d4 d5 2. Nf3 Nf6 3. Bf4 c6 4. c3 e6 5. Qb3 Be7 6. h3 Ne4 7. Nbd2 Nxd2 8. Nxd2 0-0 9. e3 Nd7 10. Bd3 Re8 11. 0-0 f6 12. e4 Nf8 13. Rfe1 Kh8 14. exd5 exd5 15. Re2 Ne6 16. Bg3 Bd6 17. Bxd6 Qxd6 18. Rae1 Rf8 19. Qc2 f5 20. Re5 Nf4 21. Bf1 Ng6 22. Re8 Bd7 23. Rxa8 Rxa8 24. Nf3 Kg8 25. Qd2 h6 26. Ne5 Re8 27. f4 Nf8 28. Bd3 Bc8 29. Qc2 g6 30. g3 Re7 31. Kf2 c5 32. Qa4 a6 33. dxc5 Qxc5+ 34. Qd4 Qxd4+ 35. cxd4 Kg7 36. Rc1 Be6 37. Ke3 Kf6 38. b4 g5 39. a4 h5 40. a5 Rg7 41. Be2 h4 42. fxg5+ Rxg5 43. gxh4 Rg3+ 44. Bf3 Rg7 45. h5 Re7 46. h4 Bf7 47. Rc8 Nd7 48. Kf4 Nxe5 49. dxe5+ Kg7 50. Rd8 Rc7 51. Kxf5 Re7 52. h6+ Kxh6 53. Kf6 1-0

[Event "FRM-ch"]
[Site "Struga"]
[Date "1993.??.??"]
[Round "12"]
[White "Kocovski, Ivan"]
[Black "Georgievski, Vanco"]
[Result "1-0"]
[WhiteElo "2300"]
[BlackElo "2260"]
[PlyCount "95"]
[EventDate "1993.??.??"]
[EventType "swiss"]
[EventRounds "13"]
[EventCountry "MKD"]
[SourceTitle "EXT 1999"]
[Source "ChessBase"]
[SourceDate "1998.11.16"]
[SourceVersion "1"]
[SourceVersionDate "1998.11.16"]
[SourceQuality "1"]

1. d4 d5 2. c4 c6 3. Nf3 Nf6 4. Nc3 e6 5. e3 Nbd7 6. Be2 Be7 7. 0-0 0-0 8. Qc2 b6 9. cxd5 cxd5 10. Bd2 Bb7 11. Rfc1 Rc8 12. Qb3 Ne4 13. Be1 Nd6 14. Nb5 Nxb5 15. Bxb5 Nb8 16. a4 Nc6 17. Bxc6 Rxc6 18. Rxc6 Bxc6 19. Ne5 Bb7 20. a5 Bd6 21. axb6 axb6 22. Bb4 f6 23. Nd3 Qb8 24. Bxd6 Qxd6 25. Nc5 Qc6 26. Nxb7 Qxb7 27. g3 Rc8 28. Kg2 Kf7 29. Qb5 f5 30. Ra6 Rb8 31. h4 h5 32. Ra3 Rc8 33. Qa6 Qxa6 34. Rxa6 Rb8 35. Kf3 Kf6 36. Kf4 g6 37. b4 b5 38. Rc6 Rb7 39. f3 Rb8 40. e4 fxe4 41. fxe4 dxe4 42. d5 Re8 43. Rxe6+ Rxe6 44. dxe6 e3 45. Kxe3 Kxe6 46. Ke4 Kf6 47. Kd5 g5 48. Kc5 1-0

[Event "Rzeszow 15th"]
[Site "Rzeszow"]
[Date "1980.11.12"]
[Round "4"]
[White "Lanc, Alois"]
[Black "Georgievski, Vanco"]
[Result "1-0"]
[WhiteElo "2380"]
[BlackElo "2320"]
[PlyCount "47"]
[EventDate "1980.11.09"]
[EventType "tourn"]
[EventRounds "13"]
[EventCountry "POL"]
[EventCategory "4"]
[SourceTitle "EXT 2005"]
[Source "ChessBase"]
[SourceDate "2004.11.15"]
[SourceVersion "1"]
[SourceVersionDate "2004.11.15"]
[SourceQuality "1"]

1. e4 c6 2. d4 d5 3. e5 Bf5 4. Nc3 e6 5. g4 Bg6 6. Nge2 c5 7. h4 h6 8. h5 Bh7 9. Be3 Nc6 10. f4 c4 11. Bg2 b5 12. f5 b4 13. fxe6 fxe6 14. Na4 Qa5 15. b3 Rc8 16. Nf4 Nd8 17. 0-0 Rc6 18. Qf3 Ne7 19. Nc5 c3 20. Rf2 g5 21. hxg6 Bxg6 22. Nxg6 Nxg6 23. Qf6 Rg8 24. Nb7 1-0

[Event "Skopje Solidarnost-06"]
[Site "Skopje"]
[Date "1976.03.06"]
[Round "6"]
[White "Nicevski, Risto"]
[Black "Georgievski, Vanco"]
[Result "1/2-1/2"]
[WhiteElo "2395"]
[BlackElo "2250"]
[PlyCount "100"]
[EventDate "1976.02.29"]
[EventType "tourn"]
[EventRounds "15"]
[EventCountry "YUG"]
[EventCategory "10"]
[SourceTitle "MCD"]
[Source "ChessBase"]
[SourceDate "1999.07.01"]
[SourceVersion "1"]
[SourceVersionDate "1999.07.01"]
[SourceQuality "1"]

1. e4 d5 2. exd5 Qxd5 3. Nc3 Qd8 4. d4 Nf6 5. Bc4 c6 6. Nge2 Bf5 7. f3 e6 8. g4 Bg6 9. h4 h6 10. Bf4 Bd6 11. Qd2 Nd5 12. Bxd6 Qxd6 13. Ne4 Qe7 14. 0-0-0 Nd7 15. Nf4 Bxe4 16. fxe4 Nxf4 17. Qxf4 0-0-0 18. Rhf1 Nb6 19. Bb3 Rd7 20. g5 hxg5 21. hxg5 g6 22. Qe3 Rh7 23. Rd3 Qd6 24. Qd2 Kb8 25. a4 Qc7 26. Kb1 Nc8 27. Qe1 Qd8 28. Qe3 Nd6 29. d5 cxd5 30. exd5 exd5 31. Rxd5 Nf5 32. Qf4+ Ka8 33. Rfd1 Rxd5 34. Bxd5 Qe7 35. Rd3 Qe1+ 36. Ka2 Rh4 37. Bb3 Qa5 38. Qf3 a6 39. Rd5 Qc7 40. Qe2 Qe7 41. Re5 Qd7 42. Re8+ Ka7 43. Rf8 Qd4 44. Qe8 Nd6 45. Qb8+ Kb6 46. Qd8+ Kc6 47. c3 Qf2 48. Qa5 Qc5 49. Qd8 Qf2 50. Qa5 Qc5 1/2-1/2

[Event "Kallithea 2nd"]
[Site "Kallithea"]
[Date "1976.??.??"]
[Round "10"]
[White "Vizantiadis, Lazaros"]
[Black "Georgievski, Vanco"]
[Result "1/2-1/2"]
[WhiteElo "2280"]
[BlackElo "2250"]
[PlyCount "85"]
[EventDate "1976.05.??"]
[EventType "tourn"]
[EventRounds "11"]
[EventCountry "GRE"]
[SourceTitle "EXT 1998"]
[Source "ChessBase"]
[SourceDate "1997.11.17"]
[SourceVersion "1"]
[SourceVersionDate "1997.11.17"]
[SourceQuality "1"]

1. d3 c6 2. g3 d5 3. Bg2 Nf6 4. Nf3 Bf5 5. 0-0 e6 6. Nbd2 Bc5 7. Qe1 h6 8. e4 Bh7 9. Qe2 0-0 10. e5 Nfd7 11. Re1 Na6 12. Nf1 Re8 13. Bf4 Nc7 14. c3 a5 15. h4 Be7 16. N1h2 b5 17. h5 c5 18. Ng4 Bf8 19. Qd2 Ra6 20. a4 bxa4 21. Rxa4 Nb6 22. Ra2 c4 23. Bf1 cxd3 24. Bxd3 Bxd3 25. Qxd3 Nd7 26. Nd2 a4 27. Qc2 a3 28. bxa3 Rc6 29. Qd3 Nc5 30. Qf3 Nd7 31. c4 Qa8 32. cxd5 exd5 33. Raa1 Ne6 34. Qxd5 Nxf4 35. gxf4 Rg6 36. Qxd7 Rd8 37. Qf5 Rxg4+ 38. Qxg4 Rxd2 39. Qg2 Qa7 40. Qf3 Rxf2 41. Qxf2 Bc5 42. Re2 Bxf2+ 43. Rxf2 1/2-1/2